Џејмс Бонд филмови - Statistics

General Stats
  • This quiz has been taken 142 times
  • The average score is 10 of 25
Answer Stats
Година Филм % Correct
2006 Казино Ројал
82%
1962 Доктор Но
75%
2012 Скајфол
72%
1963 Из Русије с љубављу
69%
2015 Спектра
68%
1964 Голдфингер
58%
1995 Златно око
51%
2008 Зрно утехе
46%
1969 У тајној служби Њеног величанства
46%
2002 Умри други дан
42%
1997 Сутра не умире никад
36%
1979 Операција Свемир
35%
2021 Није време за умирање
34%
1977 Шпијун који ме је волео
34%
1974 Човек са златним пиштољем
31%
1973 Живи и пусти друге да умру
31%
1983 Октопуси
29%
1967 Само двапут се живи
28%
1971 Дијаманти су вечни
27%
1965 Операција Гром
26%
1989 Дозвола за убиство
25%
1981 Само за твоје очи
22%
1999 Свет није довољан
20%
1985 Поглед на убиство
14%
1987 Дах смрти
12%
No matching quizzes found
Score Distribution
Percent of People with Each Score
Percentile by Number Answered
Your Score History
You have not taken this quiz